[Event "SV Kamen 1 - SV Königsspringer Lemgo 1"]
[Site "NRW-Klasse - Gruppe 1 2021/20"]
[Date "2022.04.24"]
[Round "8.4"]
[White "Kleinegger, Frank"]
[Black "Lu, Trung Cang"]
[Result "1/2-1/2"]
[WhiteElo "2088"]
[BlackElo "1834"]
[PlyCount "73"]
[EventDate "2022.??.??"]
[SourceVersionDate "2020.03.16"]
[WhiteTeam "SV Kamen 1"]
[BlackTeam "SV Königsspringer Lemgo 1"]

1. Nf3 Nf6 2. d4 g6 3. g3 Bg7 4. Bg2 O-O 5. O-O d5 6. c4 dxc4 7. Na3 Nc6 8.
Nxc4 Be6 9. b3 Bd5 10. Bb2 a5 11. Ne3 Be4 12. a3 Ra6 13. Nc4 Qa8 14. Ncd2 Bd5
15. Qc2 a4 16. b4 Na7 17. Rfe1 Rd8 18. Rac1 Nb5 19. e4 Rc6 20. Qd3 Rxc1 21.
Rxc1 Bc6 22. Ne5 Be8 23. Qe3 Nd7 24. Nd3 Nb6 25. Nf3 Nd6 26. Rxc7 Nbc4 27. Qe2
Nxb2 28. Nxb2 Nb5 29. Rc5 Nxd4 30. Nxd4 Bxd4 31. Rd5 Bxb2 32. Qxb2 Bc6 33. Rd2
Rxd2 34. Qxd2 Qc8 35. h4 h5 36. Qd4 Qe6 37. Kh2 1/2-1/2

[Event "SV Kamen 1 - SV Königsspringer Lemgo 1"]
[Site "NRW-Klasse - Gruppe 1 2021/20"]
[Date "2022.04.24"]
[Round "8.5"]
[White "Pozo Campos, Francisco"]
[Black "Seepe, Udo"]
[Result "0-1"]
[WhiteElo "1861"]
[BlackElo "2019"]
[PlyCount "128"]
[EventDate "2022.??.??"]
[SourceVersionDate "2020.03.16"]
[WhiteTeam "SV Königsspringer Lemgo 1"]
[BlackTeam "SV Kamen 1"]

1. e4 c5 2. Nf3 e6 3. d4 cxd4 4. c3 d5 5. exd5 Qxd5 6. cxd4 Nf6 7. Nc3 Qa5 8.
Bd2 Nc6 9. Bc4 Qd8 10. Bg5 Be7 11. O-O O-O 12. Re1 a6 13. Rc1 b5 14. Bd3 Bb7
15. Bb1 Nb4 16. a3 Nbd5 17. Qd3 g6 18. Bh6 Re8 19. Ne5 Nxc3 20. bxc3 Rc8 21.
Qe2 Bxa3 22. Rc2 Nd5 23. Qf3 f5 24. Qg3 Bd6 25. f4 Bxe5 26. fxe5 b4 27. h4 Rxc3
28. Rxc3 Nxc3 29. h5 Qxd4+ 30. Kh2 Qg4 31. Qxg4 fxg4 32. hxg6 Nxb1 33. Rxb1
hxg6 34. Rxb4 Bd5 35. Rxg4 Rc8 36. Be3 Kg7 37. Ra4 Rc2 38. Rxa6 Rxg2+ 39. Kh3
Rb2 40. Ra7+ Bb7 41. Bg5 Kf7 42. Bf6 Rb4 43. Kg3 Ke8 44. Ra2 Kd7 45. Rh2 Be4
46. Rd2+ Bd5 47. Rh2 Kc6 48. Rh7 Be4 49. Rh4 Kd5 50. Rh2 Bf5 51. Rd2+ Ke4 52.
Ra2 Rb3+ 53. Kf2 Kf4 54. Rd2 Be4 55. Ke2 g5 56. Rd4 g4 57. Be7 Rh3 58. Rd8 Rh2+
59. Kf1 g3 60. Rf8+ Kxe5 61. Bf6+ Kf4 62. Bd8+ Bf5 63. Bc7+ Kf3 64. Ke1 Rc2 0-1

[Event "SV Kamen 1 - SV Königsspringer Lemgo 1"]
[Site "NRW-Klasse - Gruppe 1 2021/20"]
[Date "2022.04.24"]
[Round "8.6"]
[White "Rumpf, Thomas"]
[Black "Krueger, Michael"]
[Result "1-0"]
[WhiteElo "2043"]
[BlackElo "1899"]
[PlyCount "59"]
[EventDate "2022.??.??"]
[SourceVersionDate "2020.03.16"]
[WhiteTeam "SV Kamen 1"]
[BlackTeam "SV Königsspringer Lemgo 1"]

1. e4 Nf6 2. e5 Nd5 3. d4 g6 4. c4 Nb6 5. c5 Nd5 6. Bc4 e6 7. Nf3 Bg7 8. Qb3
Ne7 9. Nc3 Nbc6 10. Ne4 d5 11. cxd6 Nf5 12. Bg5 Qd7 13. Nc5 Ncxd4 14. Nxd4 Nxd4
15. Qd3 Qc6 16. Qxd4 cxd6 17. Qxd6 Qxd6 18. exd6 Bd7 19. Nxd7 Kxd7 20. Rd1 a6
21. O-O b5 22. Be2 Bxb2 23. Bf3 Rab8 24. Be3 b4 25. Rd3 e5 26. Bd1 f6 27. Ba4+
Ke6 28. d7 Rhd8 29. Rfd1 Bc3 30. Rd6+ 1-0

[Event "SV Kamen 1 - SV Königsspringer Lemgo 1"]
[Site "NRW-Klasse - Gruppe 1 2021/20"]
[Date "2022.04.24"]
[Round "8.7"]
[White "Brechelt, Detlef"]
[Black "Kilian, Ralf"]
[Result "0-1"]
[WhiteElo "1789"]
[BlackElo "2053"]
[PlyCount "118"]
[EventDate "2022.??.??"]
[SourceVersionDate "2020.03.16"]
[WhiteTeam "SV Königsspringer Lemgo 1"]
[BlackTeam "SV Kamen 1"]

1. d4 d5 2. c4 e6 3. Nc3 c5 4. cxd5 cxd4 5. Qa4+ Bd7 6. Qxd4 exd5 7. e3 Nc6 8.
Qd1 Nf6 9. Nf3 Be6 10. Be2 Be7 11. O-O O-O 12. a3 Ne4 13. Nb5 Qb6 14. Nbd4 Bg4
15. h3 Bxf3 16. Nxc6 Qxc6 17. Bxf3 Bf6 18. Rb1 Rad8 19. Qd3 Rfe8 20. Bd2 Ng5
21. Be2 d4 22. Qb3 Ne4 23. Ba5 Nc5 24. Qc4 b6 25. Bb4 dxe3 26. fxe3 Rxe3 27.
Bc3 Re4 28. Bxf6 Rxc4 29. Bxd8 Rc2 30. Bf3 Qd7 31. Rbd1 Rd2 32. Bg5 Ne4 33.
Bxd2 Qd4+ 34. Kh2 Nxd2 35. Rxd2 Qxd2 36. Rd1 Qf4+ 37. g3 Qf6 38. Rd2 h6 39. Kg2
g6 40. Re2 Kg7 41. Be4 h5 42. Rf2 Qe5 43. Bb1 Qd5+ 44. Kh2 g5 45. b4 Qd4 46.
Kg2 Qa1 47. Ba2 f5 48. Bd5 Qe5 49. Bc6 Kf6 50. b5 h4 51. gxh4 gxh4 52. Rf3 Qe1
53. Rf2 Kg5 54. Rf3 Qd2+ 55. Rf2 Qd6 56. Rf3 a6 57. Kg1 Qd2 58. Rf2 Qc1+ 59.
Kg2 Qxa3 0-1

[Event "SV Kamen 1 - SV Königsspringer Lemgo 1"]
[Site "NRW-Klasse - Gruppe 1 2021/20"]
[Date "2022.04.24"]
[Round "8.8"]
[White "Georg, Heinz"]
[Black "Jost, Jan-Timo"]
[Result "1-0"]
[WhiteElo "2080"]
[BlackElo "1601"]
[PlyCount "47"]
[EventDate "2022.??.??"]
[SourceVersionDate "2020.03.16"]
[WhiteTeam "SV Kamen 1"]
[BlackTeam "SV Königsspringer Lemgo 1"]

1. e4 c6 2. d4 d5 3. exd5 cxd5 4. c4 Nf6 5. Nc3 Nc6 6. Bg5 Be6 7. a3 g6 8. Nge2
Na5 9. Nf4 dxc4 10. Nxe6 fxe6 11. Bxc4 Nxc4 12. Qa4+ Qd7 13. Qxc4 Bg7 14. O-O
Rc8 15. Qb3 h6 16. Bxf6 exf6 17. Rfe1 O-O 18. Rxe6 Kh8 19. d5 Rfe8 20. Rae1
Rxe6 21. dxe6 Qc6 22. h3 f5 23. e7 Re8 24. Qf7 1-0

[Event "SV Hemer 1 - SG Bochum 2"]
[Site "NRW-Klasse - Gruppe 2 2021/20"]
[Date "2021.11.07"]
[Round "1.1"]
[White "Wuebker, Paul-Luca"]
[Black "Voicu-Jagodzinsky, Carmen"]
[Result "0-1"]
[WhiteElo "2173"]
[BlackElo "2268"]
[PlyCount "96"]
[EventDate "2021.??.??"]
[SourceVersionDate "2020.03.16"]
[WhiteTeam "SG Bochum 2"]
[BlackTeam "SV Hemer 1"]

1. d4 Nf6 2. c4 c5 3. d5 e6 4. Nc3 exd5 5. cxd5 d6 6. e4 g6 7. Bf4 a6 8. a4 Bg7
9. Bd3 Nh5 10. Be3 O-O 11. Nf3 Bg4 12. h3 Bxf3 13. Qxf3 Nd7 14. Qe2 Ne5 15. Bb1
Qf6 16. O-O Nf4 17. Qd1 b5 18. axb5 axb5 19. Rxa8 Rxa8 20. Nxb5 Rb8 21. Na3
Rxb2 22. Bc2 h5 23. Bc1 Rb4 24. g3 Rd4 25. Bxf4 Rxd1 26. Bxd1 Nd3 27. Be3 Qc3
28. Nb5 Qb4 29. Nxd6 Be5 30. Be2 Nb2 31. Nc8 Qb7 32. Bxc5 Qxc8 33. Rc1 Bd4 34.
d6 Bxc5 35. Kg2 Na4 36. Bb5 Nb6 37. d7 Nxd7 38. Bxd7 Qxd7 39. Rxc5 Qd4 40. Rc8+
Kg7 41. Re8 Qa4 42. Re5 Kf6 43. Rc5 Qxe4+ 44. Kg1 h4 45. gxh4 Qf3 46. Rc4 Qxh3
47. Rf4+ Ke6 48. f3 Qg3+ 0-1

[Event "SV Hemer 1 - SG Bochum 2"]
[Site "NRW-Klasse - Gruppe 2 2021/20"]
[Date "2021.11.07"]
[Round "1.2"]
[White "Runte, Moritz"]
[Black "Mazarov, Juergen"]
[Result "1-0"]
[WhiteElo "2131"]
[BlackElo "2046"]
[Annotator "danie"]
[PlyCount "141"]
[EventDate "2021.??.??"]
[SourceVersionDate "2020.03.16"]
[WhiteTeam "SV Hemer 1"]
[BlackTeam "SG Bochum 2"]

1. e4 c5 2. Nf3 d6 3. Bb5+ Nd7 4. a4 Ngf6 5. Nc3 e6 6. O-O Be7 7. d4 cxd4 8.
Qxd4 O-O 9. Rd1 a6 10. Be2 b6 11. e5 dxe5 12. Nxe5 Nxe5 13. Qxe5 Nd7 14. Qe4
Ra7 15. Be3 Bb7 16. Qc4 Ra8 17. Bxb6 Qxb6 18. Rxd7 Bf6 19. Qb3 Qxb3 20. cxb3
Rab8 21. Bc4 Rfc8 22. Rad1 g6 23. f4 a5 $11 24. R1d2 Bc6 25. R7d3 Be7 26. Ba6
Re8 27. Bb5 Rec8 28. Kf2 Bb4 29. Bc4 Kg7 30. g4 h6 31. Kg3 Rh8 32. h4 h5 33. g5
Rhc8 34. Rd1 Re8 35. Ne2 Be4 36. Rd7 Kf8 37. Nd4 Rb7 38. Rxb7 Bxb7 39. Be2 Ke7
40. Bf3 Bxf3 41. Kxf3 Rc8 42. Ke4 Rc7 43. Kd3 Rc8 44. Rf1 Rc7 45. Nf3 Rc8 46.
Ne5 Rc7 47. Nc4 Rd7+ 48. Ke3 Rc7 49. Rd1 Bc5+ 50. Ke4 Bb4 51. Ne5 Bd6 52. Nxf7
Bxf4 53. Nh8 Bg3 54. Rg1 Bf2 55. Rg2 Be1 56. Nxg6+ Kd6 57. Rg1 Bf2 58. Rd1+ Kc5
59. Rc1+ Kd6 60. Rxc7 Kxc7 61. Nf4 Kd6 62. g6 Ke7 63. g7 Kf7 64. Nxe6 Bxh4 65.
b4 axb4 66. b3 Bg3 67. a5 h4 68. a6 Bb8 69. Nd8+ Kxg7 70. Nc6 h3 71. Kf3 1-0

[Event "SV Hemer 1 - SG Bochum 2"]
[Site "NRW-Klasse - Gruppe 2 2021/20"]
[Date "2021.11.07"]
[Round "1.3"]
[White "Prieb, Robert"]
[Black "Leonard, Timo"]
[Result "1/2-1/2"]
[WhiteElo "1949"]
[BlackElo "2036"]
[PlyCount "75"]
[EventDate "2021.??.??"]
[SourceVersionDate "2020.03.16"]
[WhiteTeam "SG Bochum 2"]
[BlackTeam "SV Hemer 1"]

1. d4 d5 2. c4 c6 3. Nf3 Nf6 4. Qc2 dxc4 5. Qxc4 Bf5 6. g3 e6 7. Bg2 Be7 8. O-O
O-O 9. Nc3 Nbd7 10. Re1 Ne4 11. Qb3 Qb6 12. Nh4 Bxh4 13. Qxb6 axb6 14. gxh4
Ndf6 15. f3 Nxc3 16. bxc3 e5 17. dxe5 Nd7 18. f4 Nc5 19. Be3 Ra3 20. Bxc5 bxc5
21. c4 Rfa8 22. e4 Be6 23. Bf1 g6 24. Reb1 Re3 25. Rxb7 Rxe4 26. a4 Bxc4 27.
Bxc4 Rxc4 28. a5 Ra6 29. Rb6 Rxb6 30. axb6 Rb4 31. Ra8+ Kg7 32. Rb8 c4 33. Kf2
c3 34. Ke2 c5 35. Kd3 Rxf4 36. b7 Rb4 37. Kxc3 Kh6 38. h3 1/2-1/2

[Event "SV Hemer 1 - SG Bochum 2"]
[Site "NRW-Klasse - Gruppe 2 2021/20"]
[Date "2021.11.07"]
[Round "1.4"]
[White "Jagodzinsky, Andreas"]
[Black "Gluma, Christian"]
[Result "1-0"]
[WhiteElo "2102"]
[BlackElo "1933"]
[PlyCount "79"]
[EventDate "2021.??.??"]
[SourceVersionDate "2020.03.16"]
[WhiteTeam "SV Hemer 1"]
[BlackTeam "SG Bochum 2"]

1. d4 g6 2. c4 Bg7 3. Nf3 d6 4. Nc3 e5 5. e3 Nc6 6. Be2 Nh6 7. d5 Ne7 8. O-O
O-O 9. Rb1 Nef5 10. b4 Nh4 11. Ne1 g5 12. c5 f5 13. Rb3 Rf6 14. a4 Nf7 15. e4
f4 16. Bg4 Rh6 17. Bxc8 Qxc8 18. Nb5 a6 19. Na3 f3 20. Nxf3 Nxg2 21. Nxg5 Nf4
22. Bxf4 exf4 23. Nxf7 Kxf7 24. Qf3 Be5 25. Nc4 Qd8 26. Nxe5+ dxe5 27. h3 Qg5+
28. Kh2 Rg8 29. Rbb1 Rhg6 30. Rbd1 Qh4 31. Rg1 Rxg1 32. Rxg1 Rxg1 33. Kxg1 Qe7
34. Qh5+ Kf8 35. Qf5+ Kg7 36. a5 Qf6 37. Qxf6+ Kxf6 38. b5 b6 39. bxa6 bxc5 40.
a7 1-0

[Event "SV Hemer 1 - SG Bochum 2"]
[Site "NRW-Klasse - Gruppe 2 2021/20"]
[Date "2021.11.07"]
[Round "1.5"]
[White "Fistoul, Michail"]
[Black "Stoering, Marc"]
[Result "1/2-1/2"]
[WhiteElo "1943"]
[BlackElo "1917"]
[PlyCount "83"]
[EventDate "2021.??.??"]
[SourceVersionDate "2020.03.16"]
[WhiteTeam "SG Bochum 2"]
[BlackTeam "SV Hemer 1"]

1. d4 d5 2. c4 e6 3. Nc3 Be7 4. cxd5 exd5 5. Bf4 c6 6. e3 f5 7. Bd3 Nf6 8. f3
O-O 9. Nge2 Be6 10. Qc2 Qc8 11. Ng3 g6 12. O-O Nbd7 13. Rad1 a6 14. e4 fxe4 15.
fxe4 dxe4 16. Ncxe4 Nxe4 17. Bxe4 Bf7 18. Bh6 Nf6 19. Bxf8 Qxf8 20. Bf3 Qg7 21.
a3 Rd8 22. Rfe1 Bf8 23. Ne4 Nxe4 24. Qxe4 Bd5 25. Qe5 Bxf3 26. Qxg7+ Bxg7 27.
gxf3 Bxd4+ 28. Kg2 Kf7 29. b4 b6 30. Re4 c5 31. Rd3 Rd5 32. h3 Rg5+ 33. Rg4 Re5
34. Rgxd4 cxd4 35. Rxd4 Re2+ 36. Kg3 Re3 37. Rd6 Rxa3 38. Rxb6 h6 39. Rb7+ Kf6
40. Kf4 a5 41. Rb6+ Kf7 42. Rb7+ 1/2-1/2

[Event "SV Hemer 1 - SG Bochum 2"]
[Site "NRW-Klasse - Gruppe 2 2021/20"]
[Date "2021.11.07"]
[Round "1.6"]
[White "Klueting, Reiner"]
[Black "Butschek, Marc"]
[Result "1/2-1/2"]
[WhiteElo "1854"]
[BlackElo "2025"]
[PlyCount "39"]
[EventDate "2021.??.??"]
[SourceVersionDate "2020.03.16"]
[WhiteTeam "SV Hemer 1"]
[BlackTeam "SG Bochum 2"]

1. e4 e6 2. d4 d5 3. Nc3 Nf6 4. Bg5 Bb4 5. e5 h6 6. Bd2 Bxc3 7. bxc3 Ne4 8. Nf3
c5 9. Bb5+ Bd7 10. Bxd7+ Qxd7 11. O-O Nc6 12. Qe2 O-O 13. Rad1 Na5 14. dxc5 Nc4
15. Bxh6 Nxc3 16. Qxc4 Nxd1 17. Qg4 f5 18. exf6 Rxf6 19. Bg5 Rxf3 20. Qxf3
1/2-1/2

[Event "SV Hemer 1 - SG Bochum 2"]
[Site "NRW-Klasse - Gruppe 2 2021/20"]
[Date "2021.11.07"]
[Round "1.7"]
[White "Walny, Benjamin"]
[Black "Trinh, Fabian Dat"]
[Result "1/2-1/2"]
[WhiteElo "1796"]
[BlackElo "1891"]
[PlyCount "67"]
[EventDate "2021.??.??"]
[SourceVersionDate "2020.03.16"]
[WhiteTeam "SG Bochum 2"]
[BlackTeam "SV Hemer 1"]

1. e4 e5 2. Nf3 Nc6 3. Bc4 Bc5 4. c3 Nf6 5. d3 O-O 6. O-O d5 7. exd5 Nxd5 8. b4
Be7 9. b5 Na5 10. Nxe5 Nb6 11. Bb3 Nxb3 12. Qxb3 Be6 13. c4 Bf6 14. Bb2 Qd6 15.
f4 Rad8 16. Rf3 Qc5+ 17. Kh1 Bxe5 18. fxe5 Bg4 19. Rg3 Qf2 20. Na3 h5 21. d4 f6
22. h3 Be2 23. Rc1 h4 24. Re3 fxe5 25. Rxe5 Rf3 26. Rxe2 Qxe2 27. gxf3 Rf8 28.
Qc2 Qxf3+ 29. Qg2 Na4 30. Ba1 Qxa3 31. Qd5+ Kh8 32. Qh5+ Kg8 33. Qd5+ Kh8 34.
Qh5+ 1/2-1/2

[Event "SV Hemer 1 - SG Bochum 2"]
[Site "NRW-Klasse - Gruppe 2 2021/20"]
[Date "2021.11.07"]
[Round "1.8"]
[White "Proeschold, Bernd"]
[Black "Hofmann, Benjamin"]
[Result "1-0"]
[WhiteElo "2085"]
[BlackElo "1635"]
[PlyCount "67"]
[EventDate "2021.??.??"]
[SourceVersionDate "2020.03.16"]
[WhiteTeam "SV Hemer 1"]
[BlackTeam "SG Bochum 2"]

1. e4 e5 2. Nf3 Nc6 3. Bb5 a6 4. Ba4 Nf6 5. O-O d6 6. c3 Bg4 7. h3 Bh5 8. d3
Be7 9. Nbd2 O-O 10. Re1 b5 11. Bc2 d5 12. g4 Bg6 13. Nh4 d4 14. c4 Nd7 15. Nf5
Bxf5 16. exf5 Nc5 17. a3 b4 18. Ba4 Qd6 19. b3 g6 20. Qf3 Nxa4 21. bxa4 gxf5
22. gxf5 Kh8 23. Ne4 Rg8+ 24. Kh2 Qd7 25. f6 Bd6 26. Qh5 Rg6 27. Bh6 Bf8 28.
Bd2 bxa3 29. Rg1 Nd8 30. Rg4 Ne6 31. Rh4 h6 32. Bxh6 Bxh6 33. Qxh6+ Rxh6 34.
Rxh6+ 1-0

[Event "SV Welper 1 - SV Horst-Emscher 1"]
[Site "NRW-Klasse - Gruppe 2 2021/20"]
[Date "2021.11.07"]
[Round "1.1"]
[White "Baerwolf, Steven"]
[Black "Sohlmann, Jan-Henning"]
[Result "0-1"]
[WhiteElo "2314"]
[BlackElo "2176"]
[PlyCount "92"]
[EventDate "2021.??.??"]
[SourceVersionDate "2020.03.16"]
[WhiteTeam "SV Horst-Emscher 1"]
[BlackTeam "SV Welper 1"]

1. e4 g6 2. d4 Bg7 3. Nc3 c5 4. dxc5 Bxc3+ 5. bxc3 Nf6 6. Bd3 Qa5 7. Ne2 Qxc5
8. O-O O-O 9. c4 b6 10. Be3 Qc7 11. Nc3 Nc6 12. f4 d6 13. Nd5 Nxd5 14. cxd5 Nb4
15. f5 Qc3 16. Bh6 Nxd3 17. cxd3 Rd8 18. fxg6 hxg6 19. Qf3 f6 20. Rac1 Qd4+ 21.
Kh1 Kf7 22. Rc4 Qe5 23. g4 Qb2 24. Bc1 Qxa2 25. Rf2 Qb1 26. Kg2 Bd7 27. Bb2 Rf8
28. Rc7 Rad8 29. Rxa7 Qe1 30. g5 f5 31. Qh3 Qd1 32. exf5 Ke8 33. Ra1 Qb3 34.
Qe3 Qxd5+ 35. Kg1 Rxf5 36. Rxf5 Bxf5 37. Ra7 Rd7 38. Rxd7 Kxd7 39. Qxb6 Bxd3
40. Qa7+ Ke8 41. h4 Bb5 42. Qb8+ Kf7 43. Qb6 Qd1+ 44. Kg2 Qg4+ 45. Kf2 Qxh4+
46. Kf3 Qh3+ 0-1

[Event "SV Welper 1 - SV Horst-Emscher 1"]
[Site "NRW-Klasse - Gruppe 2 2021/20"]
[Date "2021.11.07"]
[Round "1.2"]
[White "Fuellgrabe, Thomas"]
[Black "Rebentisch, Tom"]
[Result "0-1"]
[WhiteElo "2231"]
[BlackElo "2103"]
[PlyCount "88"]
[EventDate "2021.??.??"]
[SourceVersionDate "2020.03.16"]
[WhiteTeam "SV Welper 1"]
[BlackTeam "SV Horst-Emscher 1"]

1. e4 e5 2. Nf3 Nc6 3. Bb5 a6 4. Ba4 Nf6 5. O-O Be7 6. d3 b5 7. Bb3 O-O 8. a4
Bb7 9. Nc3 b4 10. Nd5 a5 11. Nxe7+ Qxe7 12. c3 Rad8 13. Bg5 h6 14. Bh4 d6 15.
Nd2 g5 16. Bg3 Qd7 17. Nc4 Kg7 18. Re1 Rfe8 19. f3 Nh5 20. Ne3 Ne7 21. cxb4
axb4 22. d4 f5 23. dxe5 f4 24. e6 Qc6 25. Qd4+ Kh7 26. Nd5 fxg3 27. Rac1 Qa6
28. Nxc7 Nc6 29. Rxc6 Qxc6 30. Nxe8 Rxe8 31. Bd5 Qc7 32. Qxb4 Bc8 33. hxg3 Qa7+
34. Kh2 Qf2 35. e5 Qxg3+ 36. Kg1 Nf4 37. Be4+ Kh8 38. Qd2 dxe5 39. Bc6 Rxe6 40.
Qd8+ Kg7 41. Qc7+ Kf6 42. Qd8+ Kf7 43. Qc7+ Re7 44. Be8+ Kf8 0-1

[Event "SV Welper 1 - SV Horst-Emscher 1"]
[Site "NRW-Klasse - Gruppe 2 2021/20"]
[Date "2021.11.07"]
[Round "1.3"]
[White "de Roda Husman, Juan"]
[Black "Kemna, Guido"]
[Result "1/2-1/2"]
[WhiteElo "2241"]
[BlackElo "2136"]
[PlyCount "101"]
[EventDate "2021.??.??"]
[SourceVersionDate "2020.03.16"]
[WhiteTeam "SV Horst-Emscher 1"]
[BlackTeam "SV Welper 1"]

1. e4 c6 2. d4 d5 3. exd5 cxd5 4. Bd3 Nc6 5. c3 e5 6. dxe5 Nxe5 7. Qe2 Qe7 8.
Bb5+ Nc6 9. Bg5 Qxe2+ 10. Nxe2 Be7 11. Bf4 Nf6 12. Nd2 O-O 13. Nb3 Ne4 14. Rd1
Be6 15. O-O g5 16. Bc1 Rad8 17. Bd3 h6 18. Nbd4 Nd6 19. Rfe1 Bf6 20. Be3 Nxd4
21. Bxd4 Bxd4 22. Nxd4 Rfe8 23. Re3 Bd7 24. Rxe8+ Rxe8 25. f3 Kg7 26. Kf2 Kf6
27. Nc2 Be6 28. Ne3 Rc8 29. Bc2 Rc5 30. Rd4 Nc4 31. Nd1 a6 32. b4 Rc7 33. Bb3
b5 34. Bxc4 Rxc4 35. Ke3 Rc8 36. Kd2 Ke5 37. g3 f6 38. Nf2 Bf5 39. f4+ Kd6 40.
g4 Bb1 41. a3 Re8 42. Nd1 Be4 43. fxg5 hxg5 44. c4 Ke5 45. Ke3 Rh8 46. Nf2 bxc4
47. Nxe4 dxe4 48. Rxe4+ Kd5 49. Rd4+ Ke5 50. Re4+ Kd5 51. Rd4+ 1/2-1/2

[Event "SV Welper 1 - SV Horst-Emscher 1"]
[Site "NRW-Klasse - Gruppe 2 2021/20"]
[Date "2021.11.07"]
[Round "1.4"]
[White "Schaller, Fabian"]
[Black "Kroeger, Fabian"]
[Result "0-1"]
[WhiteElo "2016"]
[BlackElo "2196"]
[PlyCount "156"]
[EventDate "2021.??.??"]
[SourceVersionDate "2020.03.16"]
[WhiteTeam "SV Welper 1"]
[BlackTeam "SV Horst-Emscher 1"]

1. Nf3 g6 2. b3 Bg7 3. d4 c5 4. Bb2 Nc6 5. e3 Nh6 6. Be2 O-O 7. O-O d5 8. c3 b6
9. Ba3 Qc7 10. dxc5 Rd8 11. cxb6 Qxb6 12. Bb2 e5 13. Nbd2 Nf5 14. Qc1 Bh6 15.
c4 e4 16. cxd5 exf3 17. Bxf3 Nb4 18. Nc4 Qc5 19. d6 Rb8 20. Be4 Bg7 21. Bxg7
Nxg7 22. a3 Na6 23. b4 Qb5 24. Rd1 Be6 25. Na5 Rbc8 26. Nc6 Kf8 27. Nxd8 Rxc1
28. Nxe6+ Nxe6 29. Raxc1 Nb8 30. Rc8+ Kg7 31. g3 Nd7 32. Bc6 Qe2 33. Rf1 Ne5
34. d7 Nxc6 35. Rxc6 Qd2 36. Rcc1 Qxd7 37. Rfd1 Qa4 38. Rd3 Ng5 39. h4 Nf3+ 40.
Kg2 Ne5 41. Rd5 Qxa3 42. Rc7 Kf6 43. Ra5 Qxb4 44. Rcxa7 Qe4+ 45. Kg1 Nf3+ 46.
Kf1 Nd2+ 47. Ke2 Nb3 48. Ra4 Qc2+ 49. Kf3 Nd2+ 50. Kg2 Ne4 51. Ra2 Qd1 52. R2a4
Qd5 53. Kg1 Kg7 54. Rd4 Qc6 55. Rda4 h6 56. Kf1 Nxg3+ 57. fxg3 Qf3+ 58. Kg1
Qxg3+ 59. Kf1 Qf3+ 60. Kg1 g5 61. hxg5 hxg5 62. Ra2 Qxe3+ 63. Kg2 Qe4+ 64. Kg1
Qd4+ 65. Kg2 Kg6 66. R7a6+ Kh5 67. R6a4 Qd5+ 68. Kg1 Qd1+ 69. Kg2 f5 70. Ra5 f4
71. Re5 Kg4 72. Raa5 Qd2+ 73. Kg1 Qc1+ 74. Kf2 Qb2+ 75. Kg1 Qd4+ 76. Kh2 Qf2+
77. Kh1 Kh3 78. Ra3+ f3 0-1

[Event "SV Welper 1 - SV Horst-Emscher 1"]
[Site "NRW-Klasse - Gruppe 2 2021/20"]
[Date "2021.11.07"]
[Round "1.5"]
[White "de Mie, Mariska"]
[Black "Linde, Wolfgang"]
[Result "1/2-1/2"]
[WhiteElo "2119"]
[BlackElo "2107"]
[PlyCount "33"]
[EventDate "2021.??.??"]
[SourceVersionDate "2020.03.16"]
[WhiteTeam "SV Horst-Emscher 1"]
[BlackTeam "SV Welper 1"]

1. e4 e5 2. Nf3 Nc6 3. Bc4 Nf6 4. d3 Be7 5. c3 O-O 6. Bb3 d5 7. Qe2 dxe4 8.
dxe4 b6 9. h3 Bb7 10. O-O Qc8 11. Rd1 Na5 12. Bc2 Ba6 13. Qe1 Qe6 14. Ng5 Qc6
15. Nf3 Qe6 16. Ng5 Qc6 17. Nf3 1/2-1/2

[Event "SV Welper 1 - SV Horst-Emscher 1"]
[Site "NRW-Klasse - Gruppe 2 2021/20"]
[Date "2021.11.07"]
[Round "1.6"]
[White "Conrad, Joachim"]
[Black "Buschmann, Andreas"]
[Result "1/2-1/2"]
[WhiteElo "1997"]
[BlackElo "2041"]
[PlyCount "88"]
[EventDate "2021.??.??"]
[SourceVersionDate "2020.03.16"]
[WhiteTeam "SV Welper 1"]
[BlackTeam "SV Horst-Emscher 1"]

1. d4 Nf6 2. Nf3 g6 3. Nbd2 Bg7 4. g3 O-O 5. Bg2 d6 6. O-O c5 7. e3 Nc6 8. c3
Qc7 9. Qe2 Rb8 10. dxc5 dxc5 11. e4 b5 12. Nb3 Nd7 13. Bf4 e5 14. Be3 Nd8 15.
Nbd2 Ne6 16. Ng5 Nxg5 17. Bxg5 c4 18. Be3 Nc5 19. b3 Be6 20. Bxc5 Qxc5 21. b4
Qc7 22. Rfd1 Rfd8 23. Nf1 Rb6 24. Rxd8+ Qxd8 25. a4 a6 26. axb5 axb5 27. Ra5
Bh6 28. Qa2 Rb8 29. h3 Qd3 30. Ra8 Rxa8 31. Qxa8+ Kg7 32. Qa1 Qc2 33. Qe1 Qc1
34. Qxc1 Bxc1 35. Ne3 Bxe3 36. fxe3 Bd7 37. Kf2 Kf6 38. Ke2 Kg5 39. Kf2 Bc6 40.
Bf3 h6 41. Ke2 h5 42. Kf2 h4 43. g4 Bb7 44. Kg2 Bc6 1/2-1/2

[Event "SV Welper 1 - SV Horst-Emscher 1"]
[Site "NRW-Klasse - Gruppe 2 2021/20"]
[Date "2021.11.07"]
[Round "1.7"]
[White "Dementjew, Dmitriy"]
[Black "Schaller, Torsten"]
[Result "0-1"]
[WhiteElo "1929"]
[BlackElo "1892"]
[PlyCount "160"]
[EventDate "2021.??.??"]
[SourceVersionDate "2020.03.16"]
[WhiteTeam "SV Horst-Emscher 1"]
[BlackTeam "SV Welper 1"]

1. d4 Nf6 2. Bf4 e6 3. e3 d5 4. Bd3 Bd6 5. Bxd6 Qxd6 6. Nd2 c5 7. c3 O-O 8. f4
b6 9. Ngf3 Ba6 10. Bxa6 Nxa6 11. O-O cxd4 12. cxd4 Rfc8 13. a3 Qc6 14. Rc1 Qb5
15. b4 Qd3 16. Qb3 Qxb3 17. Nxb3 Ng4 18. Rfe1 Nc7 19. h3 Nf6 20. a4 Nce8 21.
Ne5 Nd6 22. Rxc8+ Rxc8 23. Rc1 Rxc1+ 24. Nxc1 Nfe4 25. Nc6 Nc8 26. Ne2 Kf8 27.
g4 Ke8 28. Kg2 Kd7 29. Ne5+ Ke7 30. Ng3 Nc3 31. a5 Na2 32. Nd3 Nd6 33. Kf2 Ne4+
34. Kf3 Nxg3 35. Kxg3 Kd6 36. Kf3 f6 37. e4 dxe4+ 38. Kxe4 Nc3+ 39. Ke3 Kd5 40.
f5 exf5 41. gxf5 Kc4 42. h4 Nb5 43. d5 Kxd5 44. Nf4+ Ke5 45. Nh5 g6 46. fxg6
hxg6 47. Nf4 g5 48. Ng6+ Kf5 49. Ne7+ Ke6 50. Ng6 gxh4 51. Nxh4 Kd5 52. Kd3 Nd6
53. Nf3 bxa5 54. bxa5 Nb7 55. Nd4 Nxa5 56. Nb5 Nc6 57. Ke3 Ke5 58. Nc3 a5 59.
Na4 Ne7 60. Nc5 Nd5+ 61. Kd3 Nb6 62. Nb7 a4 63. Na5 Kd5 64. Nb7 f5 65. Nd8 a3
66. Kc3 f4 67. Nf7 f3 68. Nh6 Ke4 69. Ng4 Kf4 70. Nf2 Ke3 71. Ng4+ Ke2 72. Kb3
Nc4 73. Ka2 f2 74. Nxf2 Kxf2 75. Kb1 Ke3 76. Ka2 Kd3 77. Kb1 Kc3 78. Ka2 Kb4
79. Kb1 Kb3 80. Ka1 Ne3 0-1

[Event "SV Welper 1 - SV Horst-Emscher 1"]
[Site "NRW-Klasse - Gruppe 2 2021/20"]
[Date "2021.11.07"]
[Round "1.8"]
[White "Sondermann, Dirk"]
[Black "Goeldenboog, Juergen"]
[Result "1-0"]
[WhiteElo "1824"]
[BlackElo "1833"]
[PlyCount "117"]
[EventDate "2021.??.??"]
[SourceVersionDate "2020.03.16"]
[WhiteTeam "SV Welper 1"]
[BlackTeam "SV Horst-Emscher 1"]

1. d4 Nf6 2. Nf3 g6 3. c4 Bg7 4. Nc3 O-O 5. e4 d6 6. Be2 c5 7. O-O cxd4 8. Nxd4
Nc6 9. Be3 a6 10. f3 Nh5 11. Qd2 Nxd4 12. Bxd4 Bxd4+ 13. Qxd4 e5 14. Qd2 Nf4
15. Nd5 Nxd5 16. cxd5 Qb6+ 17. Kh1 f5 18. f4 Bd7 19. fxe5 dxe5 20. exf5 Rxf5
21. Rxf5 Bxf5 22. d6 Qd4 23. Qxd4 exd4 24. Rd1 Re8 25. Bc4+ Kg7 26. Kg1 d3 27.
Bxd3 Bxd3 28. Rxd3 Rd8 29. Rc3 Kf6 30. Rc7 Rxd6 31. Rxb7 h5 32. a4 Kf5 33. Kf1
g5 34. Ke2 Ke4 35. Rb3 Rd4 36. Re3+ Kf5 37. Rf3+ Ke5 38. Re3+ Kf5 39. b3 a5 40.
Rc3 Rb4 41. Kd2 Rd4+ 42. Rd3 Rg4 43. g3 h4 44. Rd5+ Ke4 45. Rxa5 h3 46. Rc5 Kf3
47. Rc4 Rxc4 48. bxc4 Kg2 49. a5 Kxh2 50. a6 Kxg3 51. a7 g4 52. a8=Q Kh2 53.
Qe4 g3 54. Qf4 Kg2 55. Ke2 Kh2 56. c5 Kh1 57. Qxg3 h2 58. Qf3+ Kg1 59. Qf1# 1-0

[Event "SK Münster 2 - SK Sodingen/Castrop 1"]
[Site "NRW-Klasse - Gruppe 2 2021/20"]
[Date "2021.11.07"]
[Round "1.1"]
[White "Boehnke, Martin"]
[Black "Wichtrup, Jan-Louis"]
[Result "1-0"]
[WhiteElo "2142"]
[BlackElo "2145"]
[PlyCount "47"]
[EventDate "2021.??.??"]
[SourceVersionDate "2020.03.16"]
[WhiteTeam "SK Sodingen/Castrop 1"]
[BlackTeam "SK Münster 2"]

1. d4 d5 2. c4 e6 3. Nf3 Nf6 4. g3 Be7 5. Bg2 O-O 6. O-O dxc4 7. Qc2 a6 8. Qxc4
b5 9. Qc2 Bb7 10. Bd2 Be4 11. Qc1 c6 12. Rd1 Nbd7 13. Bg5 Rc8 14. Nbd2 c5 15.
Bxf6 Nxf6 16. Nxe4 Nxe4 17. dxc5 Qa5 18. Qf4 Nf6 19. b4 Qa4 20. Ne5 Rfd8 21.
Rxd8+ Rxd8 22. Nd3 a5 23. c6 Bd6 24. c7 1-0